=LDR 00000nam 2200000 4500 =001 000179 =020 $9786025790287 =082 $636.600 =100 $Alzeda Resti =245 $Peluang kaya dari budi daya Bebek =250 $Cetakan 1 =264 $Yogyakarta: Hijaz Pustaka Mandiri 2024 =300 $iv, 84 halaman; 21 cm. =650 $Peternakan =905 $636.6 ALZ p =336 $$a =337 $$a =338 $$a =005 20260702151432.0 =008 260702s2026\\\\\\\\\\\\\\\\\\\\\\\\\\\\\\\\\\\\\\\\\